000 00560cam a2200145 4500500
005 20260111093408.0
041 _afre
042 _adc
100 1 0 _aArnould, Paul
_eauthor
245 0 0 _aJean Pierre Husson et Michel Deshaies (dir), Paysages lus du ciel, Hommages à André Humbert, Presses universitaires de Lorraine, 392 p., 35€
260 _c2016.
500 _a48
786 0 _nLa Géographie | 1560 | 1 | 2016-01-01 | p. 53j-60j | 1964-9002
856 4 1 _uhttps://shs.cairn.info/revue-la-geographie-2016-1-page-53j?lang=fr&redirect-ssocas=7080
999 _c1626259
_d1626259